Hide the US State Flags Quiz Stats

 Plays Quiz not verified by Sporcle

Also try: Cupcake Flags
Challenge
Share
Tweet
Score 0/50 Timer 07:00
3 Plays Today
% Correct
Texas
81%
California
79.6%
Colorado
71.1%
Alaska
68.8%
New Mexico
67.6%
Maryland
67.2%
Arizona
66.4%
Washington
64.9%
Hawaii
60.6%
South Carolina
60.2%
Wyoming
58.2%
Ohio
58.1%
Mississippi
55.7%
Louisiana
55.3%
Alabama
53.1%
Tennessee
49.8%
Florida
49.6%
Rhode Island
45.9%
Indiana
45.2%
Arkansas
44.7%
Oklahoma
44.4%
North Carolina
40.6%
Georgia
40.4%
South Dakota
39.8%
Oregon
39%
% Correct
New York
38.9%
Illinois
36.9%
Iowa
36.1%
Nevada
35%
Virginia
34.6%
Pennsylvania
34.3%
New Jersey
34.2%
Montana
33.9%
Massachusetts
33.4%
Delaware
33.2%
Michigan
32.3%
Connecticut
32%
Missouri
31.8%
Kansas
31%
West Virginia
28.8%
Wisconsin
28.3%
Maine
28%
Utah
27.8%
Nebraska
27.4%
Kentucky
27%
Minnesota
26.2%
New Hampshire
25.7%
North Dakota
25.2%
Vermont
25%
Idaho
23.3%

You're not logged in!

Compare scores with friends on all Sporcle quizzes.
OR
Log In

You Might Also Like...

Show Comments

Extras

Top Quizzes Today


Score Distribution

Your Account Isn't Verified!

In order to create a playlist on Sporcle, you need to verify the email address you used during registration. Go to your Sporcle Settings to finish the process.

Report this User

Report this user for behavior that violates our Community Guidelines.

Details: